Concentración económica en el sector de los multimedios: estudio comparado /

Wedi'i Gadw mewn:
Manylion Llyfryddiaeth
Prif Awdur: Löffler, Udo
Fformat: Texto
Pynciau:
Tagiau: Ychwanegu Tag
Dim Tagiau, Byddwch y cyntaf i dagio'r cofnod hwn!

MARC

LEADER 00000 a a2200000 04500
001 3786
003
040
100 |a Löffler, Udo  
245 |a Concentración económica en el sector de los multimedios:   |b estudio comparado /  |c Udo Löffler 
650 |a SISTEMAS MULTIMEDIA  
650 |a MERCADOS  
650 |a FUSIONES DE EMPRESAS  
650 |a GLOBALIZACION  
650 |a SISTEMAS MULTIMEDIA  
650 |a TELECOMUNICACIONES  
650 |a MEDIOS DE COMUNICACION  
773 |g volumen 15, número 1 (53); páginas 185-207  
999 |c 29194  |d 29194